000 01054nam a22003017a 4500
003 CHAP
005 20220329143418.0
008 090520s2008 mx a r 00010 spa d
010 _a96209
011 _a97181
020 _a9789689172390
035 _a107844
040 _cCHAP
082 0 4 _a351.15
_bC89
100 1 _aCulebro Moreno, Jorge
_930200
245 1 0 _aAprendizaje y reforma administrativa :
_bla introducción de la nueva gestión pública en la administración pública federal en México
_c/por Jorge Culebro Moreno
260 _aMéxico, D.F. :
_bUAM. Unidad Cuajimalpa,
_c2008
300 _a194 p. :
_bilus., cuadros
590 _aBATCH-UPD
_b10
_c20130110
_lUCH01
_h0524
590 _aBATCH-UPD
_b10
_c20130410
_lUCH01
_h0204
590 _aBATCH-UPD
_b10
_c20130914
_lUCH01
_h0301
590 _aCONVERSION
_b10
_c20130109
_lUCH01
_h1353
650 1 4 _aAdministración pública
_zMéxico.
_9944
650 1 4 _aAprendizaje.
_96370
901 _aBK
942 _cLIBRO
949 _a351.15 C89
_bBC
_cLIBRO
_d33724002078900
_eLIBRO
_h110543
_i107844
_sb
999 _c96209
_d96209